000
00311nam a2200109Ia 4500
008
200302s9999 xx 000 0 und d
100
_a
Kenneth Woodbridge
245
_a
Princely Gardens The Origins and Development of the French formal Style
260
_b
Thames and Hudson Inc.
260
_c
1986
300
_a
320 P.,
999
_c
586
_d
586